| 000 | 00309 a2200133 4500 | ||
|---|---|---|---|
| 999 |
_c324869 _d324869 |
||
| 001 | 89796 | ||
| 003 | NUST | ||
| 082 | _a813.54 GRI | ||
| 100 |
_aGrisham John _99825 |
||
| 245 |
_athe firm _cJohn Grisham |
||
| 260 |
_aLondon _bArrow Books _c1991 |
||
| 300 | _avi, 490p. | ||
| 500 | _aGeneral Books | ||
| 942 |
_aCAE NUST _cBK _k813.54 GRI _2ddc |
||